Fundamentos de orientación: la empatía en el proceso orientador
Guardat en:
| Autor principal: | |
|---|---|
| Format: | Llibre |
| Idioma: | espanyol |
| Publicat: |
Madrid
Morata
1992
|
| Edició: | 2a. ed |
| Matèries: | |
| Etiquetes: |
Afegir etiqueta
Sense etiquetes, Sigues el primer a etiquetar aquest registre!
|
MARC
| LEADER | 00000nam a2200000 a 4500 | ||
|---|---|---|---|
| 001 | UCI3034 | ||
| 003 | CL-VaPUC | ||
| 008 | 071012e19920000SP |||||||||||||||||spa|d | ||
| 020 | |a 847112033X | ||
| 082 | 0 | 4 | |a 371.42 |b REP |2 21 |
| 100 | 0 | |a Repetto Talavera, Elvira |e author |9 524364 | |
| 245 | 1 | 0 | |a Fundamentos de orientación: la empatía en el proceso orientador |
| 250 | |a 2a. ed | ||
| 300 | |a 252 p | ||
| 942 | |c BK | ||
| 945 | |d 20071012 00:00:00 |a rbrito | ||
| 260 | |a Madrid |b Morata |c 1992 | ||
| 650 | 7 | |a ORIENTACION PEDAGOGICA |2 CL-VaPUC |9 334838 | |
| 650 | 0 | |a Orientación profesional |9 308504 | |
| 650 | 7 | |a ORIENTACION PSICOLOGICA |2 CL-VaPUC |9 311637 | |
| 650 | 0 | |a Empatía |9 439101 | |
| 650 | 7 | |a PERSONAL DE ORIENTACION PEDAGOGICA |2 CL-VaPUC |9 335458 | |
| 650 | 0 | |a Psicología educacional |9 307830 | |
| 583 | |a last modification |c 20111003 05:30:15 |k Rodrigo Vera | ||
| 999 | |c 327430 |d 327428 | ||
| 952 | |0 0 |1 0 |4 0 |6 371_420000000000000_REP_1992 |7 0 |8 A |9 410255 |a BIBEDU |b BIBEDU |d 2019-11-22 |i 437861K |o 371.42 REP 1992 |p 437861K |r 2019-11-22 |w 2019-11-22 |y BK |k EPE | ||